Gaming Quiz

Random Gaming Quiz
Score 0/12 Timer 05:00
1 Play Today
Question Answer Wrong Answers
Как называлась древняя высокоразвитая раса в мире игры? Протеане
93.6%
Протеинцы
4.3%
Рептилоиды
0.6%
Квазорцы
1.1%
На какой планете Шепард может покормить дружелюбного варрена по кличке Урц? Тучанка
82.5%
Новерия
3.4%
Сур’Кеш
7.9%
Ферос
4.4%
Из-за биотических имплантатов L2 Кайден Аленко страдает от… Мигрени
81.1%
Амнезии
3.6%
Бессонницы
12.4%
Аллергии
1.4%
Как зовут сестру Миранды Лоусон? Ориана
80.1%
Анна
8.7%
Мария
4.5%
Элиана
5.5%
На родной планете какой расы живут дреллы? Ханаров
69.5%
Саларианцев
7.2%
Волусов
9.4%
Элкоров
13.5%
До какого ранга Эшли Уильямс повышают на момент начала событий Mass Effect 3? Капитан-лейтенант
65.7%
Майор
22%
Полковник
6%
Офицер
4.9%
На какой планете в Mass Effect 2 Шепард встречает сопартийца, которого он решил спасти на Вермайре в первой игре? Горизонт
61.2%
Омега
12%
Ферос
10.8%
Иллиум
14.8%
Какое название получила знаменитое нападение батарианцев на колонии людей? Скиллианский блиц
60.5%
Война на заре
7.3%
Битва первого контакта
20.7%
Резня Артемиды
9.9%
А как эту расу называют ханары? Вдохновители
58.8%
Просветители
13.4%
Древние боги
9.5%
Конструкторы
17.7%
С кем из этих персонажей может завести отношения Шепард только определенного пола? Эшли Уильямс
55%
Кайдан Аленко
13.6%
Келли Чемберс
18.4%
Диана Аллерс
12.9%
Какое из перечисленных названий не является баром в серии Mass Effect? Black Star
53.8%
Afterlife
5.1%
Purgatory
29.3%
Eternity
11.8%
Кого озвучил Трой Бейкер? Кай Лэнга
26.8%
Шепарда
16.3%
Стива Кортеза
14.5%
Призрака
40.7%
Remove Ads.
Support Sporcle.
Get the best of Sporcle when you Go Orange. This ad-free experience offers more features, more stats, and more fun while also helping to support Sporcle. Thank you for becoming a member.

You're not logged in!

Compare scores with friends on all Sporcle quizzes.
OR
Log In

Sporcle TV

Today on Sporcle TV


Watch our educational content, quiz creation guides, and fun videos on Sporcle TV.

Show Comments

Extras

Created Jun 10, 2020ReportNominate
Tags:effect, mass, Mass Effect

Top Quizzes Today


Score Distribution

Paid Content

Your Account Isn't Verified!

In order to create a playlist on Sporcle, you need to verify the email address you used during registration. Go to your Sporcle Settings to finish the process.

Report this User

Report this user for behavior that violates our Community Guidelines.

Details: